• 首页
  • 本馆介绍
  • 公告通知
  • 最新文献
  • 馆藏检索
  • 电子资源
  • 读者导购
  • 参考咨询
  • 我的图书馆
  • 登录
  • 详细信息显示
  • 放入我的书架
  • 预约/预借图书
  • 作者相关作品
  • 分类相关作品
  • 丛书相关作品
  • 出版社相关作品

书目信息

  • 表格格式
  • 工作单格式
  • 卡片格式
题名:
离子极化导论
    
 
作者: 邵俊 , 温元凯 著
分册:  
出版信息: 合肥   安徽教育出版社  1985
页数: 430页
开本: 20cm
丛书名:
单 册:
中图分类: O646.5
科图分类:
主题词: 离子极化
电子资源:
ISBN:
000 00657nam0 2200241 45
001 0185009576
005 20060926105123.31
010    @d¥3.10
091    @aCN@b13276.9
100    @a19900904d1985 emky0chiy0121 ea
101 0  @achi
102    @aCN@b340000
105    @ay z 000yy
200 10 @a离子极化导论@Ali zi ji hua dao lun@dThe theory of ionic polarization@f温元凯, 邵俊著@zeng
210    @a合肥@c安徽教育出版社@d1985
215    @a430页@d20cm
606    @a离子极化
690    @aO646.5@v3
701  0 @a邵俊@Ashao jun@4著
701  0 @a温元凯@Awen yuan kai@4著
801  2 @aCN@bNLC@c20060926
801  0 @aCN@bTSSF
905    @a10447@dO646.5@e28
    
    离子极化导论=The theory of ionic polarization/温元凯, 邵俊著.-合肥:安徽教育出版社,1985
    430页;20cm
    
    
    ISBN :¥3.10
    
●
相关链接 在E读中查询图书 在五车中查询图书 在当当中查询图书 在豆瓣中查询图书


正题名:离子极化导论     索取号:O646.5/28         预约/预借

序号 登录号 条形码 馆藏地/架位号 状态 备注
1 0422890   204228905   密集书库/ [索取号:O646.5/28] 在馆    
唐山师范学院图书馆 欢迎您!
大连网信软件有限公司© 版权所有